Mickey Mouse & Friends Characters - Statistics

General Stats
  • This quiz has been taken 51 times
  • The average score is 8 of 31
Answer Stats
Hint Answer % Correct
Short-tempered duck Donald Duck
97%
Gawrsh! Goofy
95%
Name of a flower Daisy Duck
92%
Owns a bowtique Minnie Mouse
92%
Hot Dog Mickey Mouse
89%
Chipmunk 1 Chip
61%
Chipmunk 2 Dale
61%
Owns the moo mart Clarabelle Cow
32%
Rich billionaire Scrooge McDuck
32%
Triplets Huey, Dewey, and Louie
21%
Goofys son Max Goof
21%
Ha Cha Cha! Mortimer Mouse
21%
Evil Kitty Pete the Cat
16%
Daisy's nieces April, May, and June
11%
🇲🇽 Bird Jose Carioca
11%
🇲🇽 Rooster Panchito Pistoles
11%
Kinda stupid talks outta context Horace Horsecollar
8%
A know it all smarty pants Ludwig Von Drake
8%
Mickey's nephews Morty and Ferdie Fieldmouse
8%
Giant Willie the Giant
8%
Can't understand her Clara Cluck
5%
Scrooges assistant Launchpad McQuack
5%
Pete's Dog Butch the Bulldog
3%
Stupid bear Humphrey the Bear
3%
Minnie's nieces Millie and Melody Mouse
3%
Petes son PJ the Cat
3%
Woof Woof! Pluro
3%
Chief Seamus O'Hara
3%
Has a stinger Buzz Buzz the Bee
0%
Minnies dog Fifi the Peke
0%
Has a beachball Salty the Seal
0%
No matching quizzes found
Score Distribution
Percent of People with Each Score
Percentile by Number Answered
Your Score History
You have not taken this quiz